<?xml version="1.0" encoding="UTF-8"?>
<collection xmlns:xsi="http://www.w3.org/2001/XMLSchema-instance" xsi:schemaLocation="http://www.loc.gov/MARC21/slim http://www.loc.gov/standards/marcxml/schema/MARC21slim.xsd" xmlns="http://www.loc.gov/MARC21/slim">
 <record>
  <leader>00000cam a22000004a 4500</leader>
  <controlfield tag="001">UP-1685523046126318490</controlfield>
  <controlfield tag="003">Buklod</controlfield>
  <controlfield tag="005">20170825140838.0</controlfield>
  <controlfield tag="006">m    |o  d |      </controlfield>
  <controlfield tag="007">cr |||||||||||</controlfield>
  <controlfield tag="008">990519s1999    flum    r    a000 0|eng d</controlfield>
  <datafield tag="020" ind1=" " ind2=" ">
   <subfield code="a">1558747028</subfield>
  </datafield>
  <datafield tag="035" ind1=" " ind2=" ">
   <subfield code="a">(iLib)UPMNL-00015498214</subfield>
  </datafield>
  <datafield tag="037" ind1=" " ind2=" ">
   <subfield code="a">UCASM002325</subfield>
   <subfield code="c">Php300.00</subfield>
  </datafield>
  <datafield tag="040" ind1=" " ind2=" ">
   <subfield code="a">CASM</subfield>
   <subfield code="e">rda</subfield>
  </datafield>
  <datafield tag="042" ind1=" " ind2=" ">
   <subfield code="a">pcc</subfield>
  </datafield>
  <datafield tag="090" ind1=" " ind2="0">
   <subfield code="a">BJ 1661</subfield>
   <subfield code="b">C26 1999</subfield>
  </datafield>
  <datafield tag="245" ind1="0" ind2="0">
   <subfield code="a">Chicken soup for the college soul</subfield>
   <subfield code="b">inspiring and humorous stories about college</subfield>
   <subfield code="c">[compiled by] Jack Canfield, Mark Victor Hansen, Kimberly Kirberger, Dan Clark.</subfield>
  </datafield>
  <datafield tag="264" ind1=" " ind2="1">
   <subfield code="a">Deerfield Beach, Fla.</subfield>
   <subfield code="b">Health Communications</subfield>
   <subfield code="c">1999.</subfield>
  </datafield>
  <datafield tag="300" ind1=" " ind2=" ">
   <subfield code="a">xxvii, 340 pages</subfield>
   <subfield code="b">illustrations</subfield>
   <subfield code="c">23 cm.</subfield>
  </datafield>
  <datafield tag="336" ind1=" " ind2=" ">
   <subfield code="a">text</subfield>
   <subfield code="b">txt</subfield>
   <subfield code="2">rdacontent.</subfield>
  </datafield>
  <datafield tag="337" ind1=" " ind2=" ">
   <subfield code="a">unmediated</subfield>
   <subfield code="2">rdamedia.</subfield>
  </datafield>
  <datafield tag="338" ind1=" " ind2=" ">
   <subfield code="a">volume</subfield>
   <subfield code="b">nc</subfield>
   <subfield code="2">rdacarrier.</subfield>
  </datafield>
  <datafield tag="490" ind1="1" ind2=" ">
   <subfield code="a">Chicken soup books.</subfield>
  </datafield>
  <datafield tag="505" ind1="0" ind2=" ">
   <subfield code="a">1. Getting in -- The wonder years / Hugh Gallagher -- Never say never / Rosa Torcasio -- College bound / Dave Barry -- Bloopers from college admission essays / Richard Lederer -- Strange scholarships / Uncle John's Great Big Bathroom Reader -- The envelope, please / Rory Evans -- If the dream is big enough, the facts don't count / Cynthia Stewart-Copier -- Hani / Jamie Winship -- Inspiration can be anywhere / Cerie L. Couture -- A proposal to myself / Sarah Lockyer -- 2. Transition -- Good-bye, Mr. Blib / Beth Mullally -- A Dad says good-bye / Joseph Danziger -- College talk / Kimberly Kirberger -- The &quot;no hug&quot; rule / Cheryl Costello-Forshey -- Shoes in the shower / Lia Gay and Rebecca Hart -- Deck the halls / Melanie Fester -- A letter from college / Adam Christing -- The times I called home from college -- The long road home / Lia Gay -- Breakdown of family traced to Psych. 1 student / Beth Mullally -- 3. Lessons from the classroom -- Undeclared / Tal Vigderson -- Making the grade / Varda one -- The good, the bad and the Emmy / David Wiemers -- The thought card / Hanoch McCarty -- I passed the test / Paula Lopez-Crespin -- The wicker chair / Eva Rosenberg -- Dissed / Mary J. Davis -- How to get an A on your final exam / Tony D'Angelo -- A compassionate philosophy / Kristi Nay -- Library Science / Jenna McCarthy -- Your legacy / Tony D'Angelo -- Angels on a pin (101 ways to use a barometer) / Alexander Calandra -- Topsy-turvy world / Kimberly Kirberger -- 4. Lessons from outside the classroom -- College wisdom seldom exercised in the summer / Beth Mullally -- Learning how to be roommates / Elsa Lynch -- The plaster shell / Miriam Goldstein -- The great escape / Wendy Marston -- Hanging out to dry / Paul Karrer -- Wrangler and stranglers / Ted Engstrom -- Of mice and maintenance men / Lisa Levenson -- Knowing where to tap / Tony D'Angelo -- Miracle on Times Square / Gunter David -- The dark gift / Kent Nerburn -- Reverse living / Norman Glass -- Blameless / Kathy Johnson Gale -- 5. Love 101 -- Finding my way / Zan Gaudioso -- The mirror / Dan Clark -- I dare you! / April Kemp -- The love I'll never forget / Tim Madigan -- Heartbreak 101 / Lauren Fox -- What is sex? / Adam Saperston -- Swans mate for life / Hal Torrance.</subfield>
  </datafield>
  <datafield tag="505" ind1="0" ind2=" ">
   <subfield code="a">6. Acts of kindness -- The boy under the tree / David Coleman and Kevin Randall -- For the kids / Diana Breclaw -- Piano music / Daneen Kaufman -- Ten-dollar bills and roses / Mary J. Davis -- A not-so-random act of kindness / Will Keim -- Christy's last day / Christy Calchera, as told to Dan Clark -- The gift of music / Brandon Lagana -- Our community / Christa F. Sandelier -- 7. Friends -- The kids in the hall / Suzanna Casamento -- My sanctuary / Eric Linder -- My friend Kim / Robert Tate Miller -- 819 Gaffield Place / Michele Bender -- An unlikely hero / Tony Luna -- With help from a friend / Dorri Olds -- 8. Tough stuff -- My star / Zan Gaudioso -- Independence Day / Natasha Carrie Cohen -- #38 Chucky Mullins / James Simmons -- Zap the Sap! / Eric Saperston -- I said no / Natasha Carrie Cohen -- The rest of the story / Jo Wiley Cornell -- Stuck with no way out / Rosanne Martorella -- 9. Mind over matter -- Breaking the mold / Zan Gaudioso -- A better message / Carol Grace Anderson -- Homeboy goes to Harvard / Richard Santana -- From the heart of a blessed temple / B.T. Thomas -- Second kind of mind / JeVon Thompson -- Work for your supper / Arlene Green -- Catsup soup / Cynthia Hamond -- Student super-saver / Kevin Van Gundy -- Dare to take risks! / Stephen Hopson -- Emma's ducks / Paul Karrer -- Consider this / Bill Clinton -- All in the family / Jeanne Marie Laskas -- Never too old to live your dream / Dan Clark -- 10. Graduation -- Life lessons / Dave Barry -- A homecoming of a different sort / Vicki Niebrugge -- Two stories for life / Robert Fulghum -- Humor them! / Katherine D. Ortega -- Know where you're going / Speaker's Sourcebook II -- Don't go / George Plimpton.</subfield>
  </datafield>
  <datafield tag="520" ind1=" " ind2=" ">
   <subfield code="a">&quot;With stories by Robert Fulghum, Dave Barry, Katherine D. Ortega, George Plimpton, Will Keim, Eric Saperston.&quot;</subfield>
  </datafield>
  <datafield tag="650" ind1=" " ind2="0">
   <subfield code="a">College students</subfield>
   <subfield code="x">Conduct of life.</subfield>
  </datafield>
  <datafield tag="700" ind1="1" ind2=" ">
   <subfield code="a">Canfield, Jack</subfield>
   <subfield code="d">1944-.</subfield>
  </datafield>
  <datafield tag="830" ind1=" " ind2="0">
   <subfield code="a">Chicken soup books.</subfield>
  </datafield>
  <datafield tag="905" ind1=" " ind2=" ">
   <subfield code="a">FO</subfield>
  </datafield>
  <datafield tag="852" ind1="0" ind2=" ">
   <subfield code="a">UPMNL</subfield>
   <subfield code="b">CASM</subfield>
   <subfield code="h">BJ 1661 C26 1999</subfield>
  </datafield>
  <datafield tag="942" ind1=" " ind2=" ">
   <subfield code="a">Book</subfield>
  </datafield>
 </record>
</collection>
